000
00318nam a2200133Ia 4500
008
240624s9999 xx 000 0 und d
041
_a
eng
082
_a
823 DIC
100
_a
DICKENS CHARLES
245
_a
DAVID COPPERFIELD
260
_a
New Delhi
_b
P.B.P. Publications
300
_a
704 : p. : cm. ; 22
365
_c
RS
999
_c
3975
_d
3975